Statystyki dla Największe państwa Imperium Brytyjskiego (z mapą)

Kliknij tutaj aby rozwiązać quiz!

Ogólne statystyki

  • Ten quiz został rozwiązany 6 464 razy
    (4 012 od ostatniego zresetowania)
  • Średni wynik to 8 z 13

Odpowiedzi na mapie

Odpowiedzi skodowane kolorowo w zielono-czerwonej skali na mapie do tego quizu, zgodnie z poniższymi procentami.
 

Statystyki odpowiedzi

%km2Państwo% Poprawnych
10010,000,000Kanada
96%
1007,700,000Australia
92%
1003,200,000Indie
89%
252,400,000Stany Zjednoczone
88%
1001,200,000Republika
Południowej Afryki
80%
1001,000,000Egipt
69%
1001,900,000Sudan
60%
100890,000Pakistan
55%
100920,000Nigeria
45%
100950,000Tanzania
41%
100830,000Namibia
40%
100750,000Zambia
36%
100680,000Mjanma
35%

Rozkład punktacji

Percentyl według liczby udzielonych odpowiedzi

Procent ludzi z każdym wynikiem

Twoja historia wyników

Nie rozwiązałeś tego quizu od ostatniego zresetowania